Power plant instrumentation and control handbook : (Record no. 355838)

000 -LEADER
fixed length control field 02221cam a2200397Ii 4500
001 - CONTROL NUMBER
control field 11551509
003 - CONTROL NUMBER IDENTIFIER
control field USPCAS-E
005 - DATE AND TIME OF LATEST TRANSACTION
control field 20180118181415.0
006 - FIXED-LENGTH DATA ELEMENTS--ADDITIONAL MATERIAL CHARACTERISTICS
fixed length control field m o d
007 - PHYSICAL DESCRIPTION FIXED FIELD--GENERAL INFORMATION
fixed length control field cr mn ||||||||
008 - FIXED-LENGTH DATA ELEMENTS--GENERAL INFORMATION
fixed length control field 150627t20152015enka obf 001 0 eng d
020 ## - INTERNATIONAL STANDARD BOOK NUMBER
International Standard Book Number 9780128011737
020 ## - INTERNATIONAL STANDARD BOOK NUMBER
Canceled/invalid ISBN 9780128009406
035 ## - SYSTEM CONTROL NUMBER
System control number (CtWfDGI)bke00077729
035 ## - SYSTEM CONTROL NUMBER
System control number (NNC)11551509
040 ## - CATALOGING SOURCE
Original cataloging agency CtWfDGI
Language of cataloging eng
Description conventions rda
-- pn
Transcribing agency CtWfDGI
050 14 - LIBRARY OF CONGRESS CALL NUMBER
Classification number TK1055
Item number .B37 2015eb
082 04 - DEWEY DECIMAL CLASSIFICATION NUMBER
Classification number 621.04203
Edition number 23
Author Mark BAS-P 2015
100 1# - MAIN ENTRY--PERSONAL NAME
Personal name Basu, Swapan,
Relator term author.
245 10 - TITLE STATEMENT
Title Power plant instrumentation and control handbook :
Remainder of title a guide to thermal power plants /
Statement of responsibility, etc. Swapan Basu, Ajay Kumar Debnath, Systems & Controls, Kolkata, India.
260 ## - PUBLICATION, DISTRIBUTION, ETC.
Place of publication, distribution, etc. London:
Name of publisher, distributor, etc. Elsevier,
Date of publication, distribution, etc. 2015.
300 ## - PHYSICAL DESCRIPTION
Extent 1 online resource :
Other physical details illustrations
502 ## - DISSERTATION NOTE
Dissertation note 0
504 ## - BIBLIOGRAPHY, ETC. NOTE
Bibliography, etc. note Includes bibliographical references and index.
520 ## - SUMMARY, ETC.
Summary, etc. This book discusses instrumentation and control in modern fossil fuel power plants, with an emphasis on selecting the most appropriate systems subject to constraints engineers have for their projects. It provides all the plant process and design details, including specification sheets and standards currently followed in the plant. Features of the book are the inclusion of control loop strategies and BMS/FSSS step by step logic; coverage of analytical instruments and technologies for pollution and energy savings; and coverage of the trends toward filed bus systems and integration of subsystems into one network with the help of embedded controllers and OPC interfaces; includes comprehensive listings of operating values and ranges of parameters for temperature, pressure, flow, level, etc of a typical 250/500 MW thermal power plant. --
650 #0 - SUBJECT ADDED ENTRY--TOPICAL TERM
Topical term or geographic name entry element Geothermal power plants
Form subdivision Handbooks, manuals, etc.
650 #0 - SUBJECT ADDED ENTRY--TOPICAL TERM
Topical term or geographic name entry element Power-plants
Form subdivision Handbooks, manuals, etc.
650 #0 - SUBJECT ADDED ENTRY--TOPICAL TERM
Topical term or geographic name entry element Fossil fuel power plants
Form subdivision Handbooks, manuals, etc.
655 #7 - INDEX TERM--GENRE/FORM
Genre/form data or focus term Electronic books.
Source of term lcsh
655 #0 - INDEX TERM--GENRE/FORM
Genre/form data or focus term Electronic books.
700 1# - ADDED ENTRY--PERSONAL NAME
Personal name Debnath, Ajay Kumar,
Relator term author.
710 2# - ADDED ENTRY--CORPORATE NAME
Corporate name or jurisdiction name as entry element Books24x7, Inc.
856 40 - ELECTRONIC LOCATION AND ACCESS
Uniform Resource Identifier <a href="http://www.columbia.edu/cgi-bin/cul/resolve?clio11551509">http://www.columbia.edu/cgi-bin/cul/resolve?clio11551509</a>
Public note Click here for full text.
942 ## - ADDED ENTRY ELEMENTS (KOHA)
Source of classification or shelving scheme
Koha item type Book
Holdings
Withdrawn status Lost status Source of classification or shelving scheme Damaged status Not for loan Collection code Permanent Location Current Location Date acquired Total Checkouts Full call number Barcode Date last seen Price effective from Koha item type Copy number
            US-Pakistan Center for Advanced Studies in Energy (USPCAS-E) US-Pakistan Center for Advanced Studies in Energy (USPCAS-E) 12/28/2015   621.04203 BAS-P 2015 CAS-E0000933 12/28/2015 12/28/2015 Book  
            US-Pakistan Center for Advanced Studies in Energy (USPCAS-E) US-Pakistan Center for Advanced Studies in Energy (USPCAS-E) 12/28/2015   621.04203 BAS-P 2015 CAS-E0000934 12/28/2015 12/28/2015 Book C.2
© 2023 Central Library, National University of Sciences and Technology. All Rights Reserved.